| 000 | 01088cam a2200181 a 4500 | ||
|---|---|---|---|
| 020 | _a9780801038914 (pbk.) | ||
| 041 | _aENG | ||
| 082 | 0 | 0 |
_a230.41092 _bKOL |
| 100 | 1 | _aKolb, Robert, | |
| 245 | 1 | 0 | _aLuther and the stories of God :Biblical Narratives as a Foundation for christian Living |
| 260 |
_aGrand Rapids, Mich. : _bBaker Academic, _cc2012. |
||
| 300 | _axx, 188 p. ; | ||
| 505 | 0 | _aThe whole life of a Christian as a life of repentance: Luther's metanarrative -- Luther the storyteller: the Reformer's use of narrative -- Above all, fearing, loving, and trusting in God: defining the core -- Of what it means to be human -- Suffering builds faith and calls to repentance: affliction as part of daily life -- The life of faith in responding to God's word with prayer and praise: active obedience in the sacred realm -- The life of faith in serving the neighbor: Luther's ethic of callings and commands -- Living well leads to dying well: the completion of the Christian life. | |
| 650 | 0 | _aStorytelling | |
| 650 | 0 | _aBible stories. | |
| 650 | 0 | _aChristian life | |
| 942 | _cBK | ||
| 999 |
_c22542 _d22542 |
||